|
|
|
|
| LEADER |
00000nam a22000007a 4500 |
| 005 |
2019022705015.0 |
| 007 |
cr|||| |||| |
| 008 |
190227s2018 es |||||s|||| 00||0 spa d |
| 020 |
|
|
|a 978-84-9148-876-7
|
| 035 |
|
|
|a 22804
|
| 040 |
|
|
|a vLex
|
| 090 |
|
|
|c 8470
|d 8470
|
| 100 |
1 |
|
|a Scarciglia, Roberto
|
| 245 |
1 |
0 |
|a Mťodos y comparacin̤ jurd̕ica
|h [Recurso electrn̤ico] /
|c Roberto Scarciglia
|
| 256 |
|
|
|a Servicio en ln̕ea
|
| 260 |
|
|
|a Madrid:
|b Dykinson,
|c 2018
|
| 300 |
|
|
|a 1 recurso electrn̤ico
|
| 500 |
|
|
|a La complejidad es un elemento de la estructura dinm̀ica de los sistemas jurd̕icos y, como tal, forma parte del alcance del derecho comparado, tanto privado como pb︢lico. La metodologa̕ es un denominador comn︢ para la formacin̤ de los estudiantes de los cursos de la Facultad de Derecho. El conocimiento de ml︢tiples mťodos —y el pluralismo metodolg̤ico— promueve el aprendizaje de disciplinas jurd̕icas bs̀icas y su desarrollo en estudios de segundo y tercer ciclo. Junto a los temas cls̀icos de la metodologa̕ comparativa, el volumen aborda el tema de los desarrollos comparativos en relacin̤ con los fenm̤enos cada vez ms̀ frecuentes de carc̀ter global que afectan el derecho pb︢lico.
|
| 506 |
1 |
|
|a Disponible solo en los productos indicados
|d vLex Global
|d vLex Global (Academic Edition, excluding Law Schools)
|d vLex Global (U.S. Academic Edition, Law Schools)
|d vLex Global (U.S. Academic Edition, excluding Law Schools)
|d vLex Global (Academic Edition, Law Schools)
|
| 650 |
0 |
4 |
|a Derecho Constitucional
|z Espaą
|
| 740 |
0 |
|
|a vLex Libros (Servicio en ln̕ea)
|
| 856 |
4 |
0 |
|u http://vlex.com/source/metodos-y-comparacion-juridica-22804
|z Acceso restringido
|
| 942 |
|
|
|c BOOK
|
| 999 |
0 |
|
|a Constitutional right
|